[Event "SVK 3.liga A2"]
[Site "?"]
[Date "2019.11.03"]
[Round "3.5"]
[White "Orvisky, Vladimir"]
[Black "Petrek, David"]
[Result "1-0"]
[WhiteElo "1704"]
[BlackElo "1699"]
[PlyCount "45"]
[EventDate "2019.10.06"]
[EventType "team"]
[EventRounds "11"]
[SourceDate "2019.11.05"]

1. c4 e5 2. Nc3 Nf6 3. Nf3 Nc6 4. g3 d5 5. cxd5 Nxd5 6. Bg2 Nb6 7. d3 Be6 8.
Be3 Qd7 9. Ng5 Bf5 10. O-O f6 11. Nge4 O-O-O 12. Nc5 Bxc5 13. Bxc5 h5 14. h4
Rdg8 15. Ne4 Qd5 16. Bxb6 axb6 17. Kh1 Qd4 18. Qb3 Rd8 19. Rfc1 Rhf8 20. Rc4
Qd7 21. Qa4 Be6 22. Qa8+ Nb8 23. Nc5 1-0

[Event "SVK 3.liga A2"]
[Site "?"]
[Date "2019.11.03"]
[Round "3.5"]
[White "Londin, Lukas Vojtech"]
[Black "Musaev, Matej Elbek"]
[Result "1-0"]
[WhiteElo "1503"]
[BlackElo "1659"]
[PlyCount "79"]
[EventDate "2019.10.06"]
[EventType "team"]
[EventRounds "11"]
[SourceDate "2019.11.05"]

1. e4 c5 2. Nc3 a6 3. f4 d6 4. a4 Nf6 5. Bc4 e6 6. Nf3 Be7 7. O-O b6 8. d3 Bb7
9. Qe1 d5 10. Bb3 c4 11. Ba2 b5 12. e5 Nfd7 13. Be3 Bc6 14. Bb1 b4 15. Ne2 Nc5
16. Bxc5 Bxc5+ 17. d4 Be7 18. Qg3 g6 19. Qf2 a5 20. g4 Qd7 21. c3 b3 22. Nh4
Na6 23. f5 O-O-O 24. f6 Bf8 25. Nf3 Bxa4 26. Ng5 Kb7 27. h4 Nc7 28. Rxa4 Kb6
29. Ra1 Ra8 30. Nf4 a4 31. h5 a3 32. hxg6 hxg6 33. Bxg6 fxg6 34. Nxg6 Rg8 35.
Nxf8 Raxf8 36. Qf4 axb2 37. Rab1 Rh8 38. Rxb2 Nb5 39. Rf3 Qa7 40. Qc1 1-0

[Event "SVK 3.liga A2"]
[Site "?"]
[Date "2019.11.03"]
[Round "3.6"]
[White "Veselsky, Jozef"]
[Black "Szitasi, Janos"]
[Result "1-0"]
[WhiteElo "2146"]
[BlackElo "1986"]
[PlyCount "120"]
[EventDate "2019.10.06"]

1. d4 d5 2. Nf3 Nf6 3. c4 c6 4. Nc3 e6 5. Bg5 Nbd7 6. e3 Bd6 7. Bd3 O-O 8. O-O
Re8 9. Qc2 h6 10. Bh4 Qc7 11. Rac1 Qb8 12. Rfe1 a6 13. a4 dxc4 14. Bxc4 b5 15.
Bd3 Nd5 16. Nxd5 cxd5 17. axb5 axb5 18. Bg3 Bxg3 19. hxg3 e5 20. dxe5 Nxe5 21.
Nxe5 Rxe5 22. Qc7 g6 23. Rc5 Qxc7 24. Rxc7 b4 25. Rec1 Be6 26. Rb7 b3 27. Rxb3
d4 28. exd4 Bxb3 29. dxe5 Ra2 30. Rb1 Ra5 31. Re1 Ra2 32. Re2 Ra4 33. f4 Rd4
34. Bc2 Be6 35. Be4 Bc4 36. Re1 Rd2 37. b4 Bb5 38. Kh2 Rd4 39. e6 fxe6 40. Bxg6
Rxb4 41. Rxe6 Bd7 42. Rd6 Bg4 43. Bc2 h5 44. Bd1 Bxd1 45. Rxd1 Kg7 46. Rd5 Kg6
47. Rd6+ Kg7 48. Kh3 Rb1 49. Kh4 Rb5 50. g4 hxg4 51. Kxg4 Rb2 52. g3 Rb5 53.
Kh4 Rb4 54. Kg5 Rb5+ 55. f5 Kf7 56. Rd7+ Ke8 57. Ra7 Rc5 58. g4 Rb5 59. Kg6
Rb6+ 60. f6 Rxf6+ 1-0

[Event "SVK 3.liga A2"]
[Site "?"]
[Date "2019.11.03"]
[Round "3.6"]
[White "Kalmar, Tamas"]
[Black "Travnicek, Petr"]
[Result "1/2-1/2"]
[WhiteElo "2069"]
[BlackElo "2105"]
[PlyCount "97"]
[EventDate "2019.10.06"]

1. d4 Nf6 2. c4 g6 3. Nc3 Bg7 4. e4 d6 5. f3 Nc6 6. Be3 a6 7. Qd2 Rb8 8. Bd3 e5
9. d5 Nd4 10. Nge2 Nd7 11. O-O O-O 12. Bc2 c5 13. dxc6 bxc6 14. Nxd4 exd4 15.
Bxd4 Bxd4+ 16. Qxd4 Rxb2 17. Bb3 Qg5 18. Rf2 Ne5 19. Qd1 Qe3 20. Qe1 Qa7 21.
Rd1 Be6 22. Na4 Rxf2 23. Qxf2 Qxf2+ 24. Kxf2 Rd8 25. Nb2 Kf8 26. Ke3 Ke7 27.
Kd4 Rb8 28. Kc3 c5 29. Rd2 Rb4 30. h3 g5 31. Rd1 a5 32. a3 Rb8 33. Ba4 h5 34.
Bb5 Rg8 35. Rh1 Ng6 36. Nd3 Nf4 37. Ne1 Kf6 38. Kd2 Ke5 39. Ke3 Rg7 40. Rg1 Rg8
41. Rh1 f5 42. g3 Nxh3 43. f4+ gxf4+ 44. gxf4+ Nxf4 45. Nf3+ Kf6 46. Kxf4 Rg4+
47. Ke3 Rxe4+ 48. Kd3 Bf7 49. Rh2 1/2-1/2

[Event "SVK 3.liga A2"]
[Site "?"]
[Date "2019.11.03"]
[Round "3.6"]
[White "Nemsak, Denis"]
[Black "Vegh, Vince"]
[Result "0-1"]
[WhiteElo "2077"]
[BlackElo "1912"]
[PlyCount "68"]
[EventDate "2019.10.06"]

1. c4 c6 2. e4 e5 3. Nf3 d6 4. h3 Nf6 5. Nc3 Be7 6. d4 exd4 7. Nxd4 O-O 8. Be2
Nbd7 9. O-O Nc5 10. Qc2 Re8 11. Bf3 h6 12. Be3 Ne6 13. Rad1 Qc7 14. Rd2 Nf8 15.
Rfd1 Ng6 16. Be2 a6 17. f4 b5 18. cxb5 cxb5 19. Qb3 Bf8 20. Nd5 Nxd5 21. exd5
Qe7 22. Rd3 Qh4 23. Rf1 Bd7 24. Bd2 Qd8 25. Kh2 Rc8 26. g3 Be7 27. Bf3 Bf6 28.
Nc6 Qb6 29. Ba5 Qb7 30. Rc1 Ne7 31. Rcd1 Nxc6 32. dxc6 Bxc6 33. Bd5 Re2+ 34.
Kg1 Qa7+ 0-1

[Event "SVK 3.liga A2"]
[Site "?"]
[Date "2019.11.03"]
[Round "3.6"]
[White "Meszaros, Lorant"]
[Black "Brunovsky, Peter"]
[Result "1-0"]
[WhiteElo "1938"]
[BlackElo "1882"]
[PlyCount "113"]
[EventDate "2019.10.06"]

1. d4 c6 2. c4 d5 3. Nf3 Nf6 4. g3 Bf5 5. Nc3 e6 6. Nh4 Bg6 7. Qb3 Qb6 8. Nxg6
hxg6 9. c5 Qc7 10. Bf4 Qc8 11. Bg2 Nbd7 12. f3 Be7 13. e4 Nh5 14. Be3 Nhf6 15.
O-O Bd8 16. e5 Nh7 17. Qc2 b5 18. a4 b4 19. Ne2 a5 20. f4 Ndf8 21. g4 Qd7 22.
Rf3 Be7 23. Qd3 Ra7 24. Raf1 Bd8 25. Rh3 Rg8 26. Rhf3 Rh8 27. f5 Ng5 28. Bxg5
Bxg5 29. fxg6 fxg6 30. Rxf8+ Rxf8 31. Qxg6+ Rf7 32. Qxg5 Rxf1+ 33. Bxf1 Qf7 34.
Nf4 Kd7 35. Ng6 Kc8 36. Kg2 Rd7 37. Bd3 Kc7 38. h4 Qe8 39. Nf4 b3 40. Bg6 Qg8
41. Qh5 Re7 42. Nd3 Qc8 43. Qg5 Kd7 44. Nc1 Qa6 45. Bd3 Qb7 46. Qd2 Qa8 47.
Nxb3 Qb8 48. Nxa5 Rf7 49. Bg6 Rf8 50. b4 Rh8 51. Kg3 Qf8 52. Qd3 Qd8 53. g5 Qa8
54. Bf7 Qf8 55. Qg6 Qe7 56. Bxe6+ Kc7 57. Bg4 1-0

[Event "SVK 3.liga A2"]
[Site "?"]
[Date "2019.11.03"]
[Round "3.6"]
[White "Kanka, Tomas"]
[Black "Mezei, Tibor"]
[Result "1/2-1/2"]
[WhiteElo "1741"]
[BlackElo "1719"]
[PlyCount "26"]
[EventDate "2019.10.06"]

1. e4 e6 2. c4 c5 3. Nc3 Nc6 4. Nf3 b6 5. d4 cxd4 6. Nxd4 Bb7 7. Be2 h6 8. O-O
Nf6 9. Bf3 Ne5 10. Qe2 Bb4 11. Re1 Bxc3 12. bxc3 a6 13. Ba3 Rc8 1/2-1/2

[Event "SVK 3.liga A2"]
[Site "?"]
[Date "2019.11.03"]
[Round "3.6"]
[White "Both, Lajos"]
[Black "Kastler, Peter"]
[Result "1/2-1/2"]
[WhiteElo "1711"]
[BlackElo "1713"]
[PlyCount "170"]
[EventDate "2019.10.06"]

1. Nf3 d5 2. c4 c6 3. b3 Nf6 4. Bb2 e6 5. g3 Be7 6. Bg2 O-O 7. O-O Nbd7 8. d4
Ne4 9. Nbd2 Ndf6 10. Ne5 Bd7 11. Nxd7 Qxd7 12. cxd5 Nxd2 13. dxc6 bxc6 14. Qxd2
Rac8 15. Rfd1 Rfd8 16. Qe1 Qb7 17. e4 Qb6 18. Qe2 Rd7 19. e5 Ne8 20. Qe4 g6 21.
Bc1 Ng7 22. Bh3 Rcd8 23. Be3 c5 24. d5 Rxd5 25. Rxd5 Rxd5 26. f4 Qd8 27. Qc2
Nf5 28. Bxf5 gxf5 29. Qe2 a5 30. Rc1 Qb8 31. Rc4 Qd8 32. Kf2 Rd1 33. Rc1 Rxc1
34. Bxc1 Qd4+ 35. Be3 Qa1 36. Kg2 Qb1 37. Bf2 Qc1 38. h3 Qa3 39. h4 a4 40. Qc2
axb3 41. axb3 Qb4 42. Qc4 Qxc4 43. bxc4 Kf8 44. Kf3 h5 45. Ke3 f6 46. Kd3 fxe5
47. fxe5 Ke8 48. Kc3 Kd7 49. Kb3 Kc6 50. Ka4 Bd8 51. Be1 Bc7 52. Bc3 Bb8 53.
Ka5 Bc7+ 54. Ka6 Bd8 55. Ba5 Be7 56. Bb6 Bf8 57. Bd8 Bh6 58. Bg5 Bg7 59. Bf4
Bf8 60. Ka7 Kc7 61. Bd2 Bg7 62. Bf4 Bf8 63. Ka6 Kc6 64. Ka5 Bg7 65. Ka4 Kb6 66.
Kb3 Ka5 67. Bd2+ Kb6 68. Bc3 Kc6 69. Kc2 Kb6 70. Kd3 Bh6 71. Ke2 Kc6 72. Kf3
Kb6 73. Be1 Kc6 74. Ba5 Bc1 75. Bd8 Kd7 76. Bg5 Bb2 77. Bf6 Bc1 78. Ke2 Kc6 79.
Bg5 Bb2 80. Bf4 Kb6 81. Kd1 Ka5 82. Kc2 Bd4 83. Kb3 Bf2 84. Ka3 Bd4 85. Kb3 Bf2
1/2-1/2

[Event "SVK 3.liga A2"]
[Site "?"]
[Date "2019.11.03"]
[Round "3.6"]
[White "Zajicek, Ferdinand"]
[Black "Sido, Daniel"]
[Result "1-0"]
[WhiteElo "1683"]
[BlackElo "1598"]
[PlyCount "59"]
[EventDate "2019.10.06"]

1. e4 e5 2. Nf3 Nc6 3. Nc3 d6 4. h3 h6 5. Bc4 Nf6 6. d3 a6 7. a3 Be7 8. O-O O-O
9. Ne2 b5 10. Ba2 Kh8 11. Be3 Nh7 12. Ng3 f5 13. exf5 Bxf5 14. Nxf5 Rxf5 15.
Bd5 Qd7 16. Nh2 Raf8 17. Qg4 Bg5 18. c3 Ne7 19. Be4 Nf6 20. Bxf5 Nxg4 21. Bxd7
Nxe3 22. fxe3 Bxe3+ 23. Kh1 Rd8 24. Be6 Bg5 25. Rf7 Kh7 26. Raf1 d5 27. Nf3 Bf6
28. Nxe5 Bxe5 29. Rxe7 Kg6 30. Bf7+ 1-0

[Event "SVK 3.liga A2"]
[Site "?"]
[Date "2019.11.03"]
[Round "3.6"]
[White "Lelkes, Geza"]
[Black "Mraz, Jan"]
[Result "1/2-1/2"]
[WhiteElo "1476"]
[BlackElo "1661"]
[PlyCount "118"]
[EventDate "2019.10.06"]

1. e4 b6 2. Nc3 Bb7 3. a3 g6 4. Bc4 Bg7 5. Qf3 e6 6. Nge2 Ne7 7. d3 d5 8. Ba2
d4 9. Nd1 O-O 10. O-O Nd7 11. Qg3 Nf6 12. f3 c5 13. b3 a5 14. Nf2 Nh5 15. Qh4
Nc6 16. Qxd8 Rfxd8 17. Ng4 Nf6 18. Nh6+ Bxh6 19. Bxh6 Nh5 20. g4 Ng7 21. h3 Ne7
22. Kh2 Kh8 23. Bf4 Rd7 24. Rg1 f5 25. Be5 Nc6 26. Bxg7+ Kxg7 27. gxf5 exf5 28.
Nf4 fxe4 29. fxe4 Re7 30. Nd5 Rf7 31. Raf1 Raf8 32. Rxf7+ Rxf7 33. Nxb6 Ne5 34.
Rg2 Rf1 35. b4 cxb4 36. axb4 axb4 37. Bd5 Ba6 38. Bc4 Bxc4 39. Nxc4 Nf3+ 40.
Kg3 Ne1 41. Rf2 Rxf2 42. Kxf2 Nxc2 43. e5 Kf7 44. Kf3 Ke6 45. Ke4 b3 46. Nb2 g5
47. Na4 h5 48. Nc5+ Ke7 49. Nxb3 g4 50. hxg4 hxg4 51. Nd2 Ne1 52. Nf1 Ke6 53.
Ng3 Nf3 54. Kf4 Nxe5 55. Ke4 Nf3 56. Kf4 Ne5 57. Ke4 Nxd3 58. Kxd3 Ke5 59. Nh5
Kd5 1/2-1/2

[Event "SVK 3.liga A2"]
[Site "?"]
[Date "2019.11.24"]
[Round "4.1"]
[White "Bango, Lukas"]
[Black "Kalmar, Tamas"]
[Result "1/2-1/2"]
[WhiteElo "2200"]
[BlackElo "2069"]
[PlyCount "64"]
[EventDate "2019.10.06"]

1. Nf3 d5 2. g3 Nf6 3. Bg2 c6 4. O-O e6 5. d3 Be7 6. Nbd2 Nbd7 7. e4 Qc7 8. Re1
dxe4 9. dxe4 e5 10. Nc4 O-O 11. Bg5 h6 12. Bxf6 Bxf6 13. Qd6 Qxd6 14. Nxd6 Nc5
15. b4 Ne6 16. Bh3 Nd4 17. Nxd4 Bxh3 18. N4f5 Bg4 19. Nxb7 Bxf5 20. exf5 Rab8
21. Na5 Rxb4 22. Nxc6 Rc4 23. Nxa7 Rxc2 24. Rec1 Rd2 25. Nb5 e4 26. Nc3 Rd3 27.
Nxe4 Bxa1 28. Rxa1 Rfd8 29. Kf1 R8d4 30. Re1 Ra3 31. Re2 Rd1+ 32. Kg2 Rd4
1/2-1/2

[Event "SVK 3.liga A2"]
[Site "?"]
[Date "2019.11.24"]
[Round "4.1"]
[White "Merva, Frantisek"]
[Black "Kavon, Rastislav"]
[Result "0-1"]
[WhiteElo "2042"]
[BlackElo "2173"]
[PlyCount "140"]
[EventDate "2019.10.06"]

1. d4 Nf6 2. c4 g6 3. Nc3 Bg7 4. e4 d6 5. Nf3 O-O 6. Be2 e5 7. d5 a5 8. Be3 Na6
9. Nd2 Nc5 10. b3 Ne8 11. O-O f5 12. f3 h5 13. a3 f4 14. Bf2 g5 15. b4 Nd7 16.
c5 Ndf6 17. Nc4 axb4 18. axb4 Rxa1 19. Qxa1 g4 20. cxd6 cxd6 21. Qa5 Qe7 22.
Nb6 Bd7 23. Bh4 Rf7 24. Nxd7 Qxd7 25. Qb5 Qc8 26. Na4 Bf8 27. Nb6 Qc2 28. Qd3
Qc7 29. Na8 Qc8 30. Ra1 Rg7 31. Nb6 Qc7 32. Na8 Qc8 33. Kh1 Be7 34. Bxf6 Nxf6
35. Qc4 Qxc4 36. Bxc4 Bd8 37. Bb5 b6 38. Bc6 gxf3 39. gxf3 h4 40. Bb5 Nh7 41.
Be2 Ng5 42. h3 Nxh3 43. Ra6 Nf2+ 44. Kh2 h3 45. Bf1 Rh7 46. Nxb6 Bh4 47. Ra8+
Kg7 48. Ra7+ Kg6 49. Rxh7 Bg3+ 50. Kg1 Kxh7 51. Bxh3 Nxh3+ 52. Kg2 Ng5 53. Nc4
Nf7 54. b5 Bh4 55. Kh3 Bd8 56. Kg4 Kg6 57. b6 Kf6 58. Kh5 Kg7 59. Kg4 Kg6 60.
b7 Bc7 61. Na5 Nd8 62. Kh4 Kf6 63. Kh5 Ke7 64. Kg6 Kd7 65. Kf6 Nxb7 66. Nc4 Nc5
67. Kf7 Nb3 68. Kf6 Nd4 69. Nd2 Ba5 70. Nc4 Bd8+ 0-1

[Event "SVK 3.liga A2"]
[Site "?"]
[Date "2019.11.24"]
[Round "4.1"]
[White "Lukac, Tomas"]
[Black "Vegh, Vince"]
[Result "1/2-1/2"]
[WhiteElo "2023"]
[BlackElo "1912"]
[PlyCount "72"]
[EventDate "2019.10.06"]

1. d4 d5 2. c4 c6 3. cxd5 cxd5 4. Nc3 Nf6 5. f3 e6 6. Bg5 Be7 7. e4 dxe4 8.
fxe4 Nxe4 9. Bxe7 Nxc3 10. Bxd8 Nxd1 11. Bg5 Nxb2 12. Rb1 Na4 13. Bb5+ Bd7 14.
Bxd7+ Nxd7 15. Rxb7 Nab6 16. Nf3 O-O 17. O-O Rfb8 18. Rc7 Rc8 19. Rfc1 f6 20.
Bd2 Kf8 21. d5 Rxc7 22. Rxc7 exd5 23. Nd4 Ke8 24. Ne6 g6 25. Be3 Ke7 26. Nd4 h5
27. Rb7 Kd6 28. Bf4+ Ne5 29. Rg7 g5 30. Be3 Nec4 31. Bf2 Na3 32. Rf7 $11 Nd7
33. Bg3+ Kc5 34. Nb3+ Kc6 35. Nd4+ Kc5 36. Nb3+ Kc6 1/2-1/2

[Event "SVK 3.liga A2"]
[Site "?"]
[Date "2019.11.24"]
[Round "4.1"]
[White "Meszaros, Lorant"]
[Black "Sekera, Branislav"]
[Result "0-1"]
[WhiteElo "1938"]
[BlackElo "2070"]
[PlyCount "84"]
[EventDate "2019.10.06"]

1. d4 Nf6 2. c4 e6 3. g3 d5 4. Nf3 c6 5. Bg2 Bd6 6. b3 Bb4+ 7. Bd2 Be7 8. Nc3
Nbd7 9. O-O Nb6 10. c5 Nbd7 11. Re1 O-O 12. Qc2 Re8 13. e4 dxe4 14. Nxe4 Nd5
15. Neg5 Nf8 16. h4 f6 17. Ne4 Ng6 18. h5 Nf8 19. Re2 Qd7 20. Rae1 Rd8 21. Bh3
Qe8 22. h6 g5 23. Nc3 Nb4 24. Qb1 Qh5 25. Bg2 Qxh6 26. a3 Nd5 27. Nxd5 Rxd5 28.
Qb2 Qg7 29. Nh2 Rd8 30. Bh3 b6 31. Bc3 Re8 32. b4 Bd7 33. a4 Rac8 34. b5 bxc5
35. dxc5 cxb5 36. axb5 Rxc5 37. Qa1 Rc7 38. Ng4 e5 39. Rxe5 Bxg4 40. Bxg4 fxe5
41. Be6+ Nxe6 42. Bxe5 Qf7 0-1

[Event "SVK 3.liga A2"]
[Site "?"]
[Date "2019.11.24"]
[Round "4.1"]
[White "Skreko, Igor"]
[Black "Szocs, Ladislav"]
[Result "1/2-1/2"]
[WhiteElo "1784"]
[BlackElo "1768"]
[PlyCount "92"]
[EventDate "2019.10.06"]

1. c4 Nf6 2. Nc3 g6 3. g3 d5 4. cxd5 Nxd5 5. Bg2 Nxc3 6. bxc3 Bg7 7. Rb1 c6 8.
e4 Qd3 9. Rb2 Nd7 10. Ne2 e5 11. O-O Nc5 12. f3 O-O 13. Rc2 Rd8 14. Ba3 Ne6 15.
Re1 b6 16. Kf2 Ba6 17. Bf1 Qd7 18. Nc1 Bxf1 19. Rxf1 Bh6 20. Ke2 c5 21. Ke1 Qa4
22. Bb2 c4 23. Ba1 Nc5 24. Rb2 Qd7 25. Qe2 Nd3+ 26. Nxd3 Qxd3 27. Qxd3 Rxd3 28.
Ke2 Rad8 29. Rd1 b5 30. Rc2 a5 31. a3 f5 32. exf5 gxf5 33. Bb2 e4 34. f4 Bg7
35. Rb1 R8d6 36. Rf1 Rh6 37. Rf2 Rb6 38. Bc1 b4 39. cxb4 axb4 40. axb4 Rxb4 41.
Kf1 Rb1 42. Kg2 c3 43. dxc3 Rxc3 44. Rxc3 Bxc3 45. Rc2 Bd4 46. Rc4 Kf7 1/2-1/2

[Event "SVK 3.liga A2"]
[Site "?"]
[Date "2019.11.24"]
[Round "4.1"]
[White "Both, Lajos"]
[Black "Capanda, Jan"]
[Result "0-1"]
[WhiteElo "1711"]
[BlackElo "1891"]
[PlyCount "102"]
[EventDate "2019.10.06"]

1. Nf3 c5 2. c4 Nc6 3. b3 d6 4. Bb2 Bg4 5. e3 Nf6 6. d4 b6 7. Nbd2 e6 8. g3 Be7
9. Bg2 Qc7 10. O-O Rd8 11. Qc2 O-O 12. Rae1 Nb4 13. Qb1 Bf5 14. e4 Bg6 15. a3
Nc6 16. Qc1 Nd7 17. d5 Nce5 18. Nxe5 Nxe5 19. Bxe5 dxe5 20. dxe6 f6 21. Nf3 Qc6
22. Nh4 Qxe6 23. Rd1 Rd4 24. f3 Rfd8 25. Kf2 Qd7 26. Ke2 a5 27. a4 Kf7 28. Qc2
h6 29. g4 Bxe4 30. Rxd4 Bxc2 31. Rxd7 Rxd7 32. Rc1 Bxb3 33. f4 Bxa4 34. Bd5+
Rxd5 35. cxd5 exf4 36. Kd3 g6 37. Ke4 f5+ 38. gxf5 Bxh4 39. fxg6+ Kxg6 40. Rg1+
Kf7 41. Kxf4 Bf6 42. Re1 Bd7 43. Kg3 c4 44. h4 b5 45. h5 b4 46. Kf4 c3 47. Ke4
a4 48. Kd3 Bb5+ 49. Kc2 b3+ 50. Kb1 Bd3+ 51. Kc1 Bg5+ 0-1

[Event "SVK 3.liga A2"]
[Site "?"]
[Date "2019.11.24"]
[Round "4.1"]
[White "Lopatievov, Alexander"]
[Black "Sido, Daniel"]
[Result "1-0"]
[WhiteElo "1854"]
[BlackElo "1598"]
[PlyCount "53"]
[EventDate "2019.10.06"]

1. e4 e5 2. Nf3 Nc6 3. c3 h6 4. d4 d6 5. Bb5 a6 6. Ba4 Bd7 7. O-O Nf6 8. Re1
Be7 9. h3 b5 10. Bc2 O-O 11. a4 b4 12. d5 Nb8 13. cxb4 c6 14. Nc3 Be8 15. Be3
Qc8 16. Bb6 Nbd7 17. Ba5 c5 18. Qd2 Rb8 19. bxc5 Nxc5 20. b4 Nb7 21. Bb6 Bd7
22. Kh2 Nh5 23. Ne2 f5 24. exf5 Qc4 25. g4 Nf6 26. Rab1 Qxd5 27. Bb3 1-0

[Event "SVK 3.liga A2"]
[Site "?"]
[Date "2019.11.24"]
[Round "4.1"]
[White "Lelkes, Geza"]
[Black "Gajarsky, Julius"]
[Result "0-1"]
[WhiteElo "1476"]
[BlackElo "1693"]
[PlyCount "88"]
[EventDate "2019.10.06"]

1. e4 c5 2. Nf3 Nc6 3. a3 e5 4. Bc4 Nf6 5. d3 d6 6. h3 Be7 7. O-O O-O 8. c3 a6
9. Ba2 b5 10. Bd2 Bd7 11. Re1 Kh8 12. Nh4 Qc8 13. Kh2 h6 14. f4 Ng4+ 15. hxg4
Bxh4 16. g3 Bxg4 17. Qc1 Qd8 18. f5 Bg5 19. Bxg5 Qxg5 20. Qxg5 hxg5 21. Kg2 Kg8
22. Rh1 Be2 23. Nd2 Bxd3 24. Rh2 c4 25. Rah1 f6 26. b3 Na5 27. bxc4 bxc4 28.
Rh8+ Kf7 29. Rxf8+ Rxf8 30. g4 Nb3 31. Bxb3 cxb3 32. Kf3 Rc8 33. Ke3 Rxc3 34.
Kf2 b2 35. a4 Rc1 36. Rh3 b1=Q 37. Nxb1 Bxb1 38. Rb3 Bxe4 39. Rb6 Rc6 40. Rb7+
Kg8 41. Ke3 Rc4 42. Rb8+ Kh7 43. a5 Bc6 44. Rd8 d5 0-1

[Event "SVK 3.liga A2"]
[Site "?"]
[Date "2019.11.24"]
[Round "4.2"]
[White "Koutny, Petr"]
[Black "Sosovicka, Juraj"]
[Result "1-0"]
[WhiteElo "2217"]
[BlackElo "2120"]
[PlyCount "59"]
[EventDate "2019.10.06"]

1. e4 e5 2. Nf3 Nc6 3. Nc3 Nf6 4. Bb5 Bb4 5. d3 d6 6. O-O Bxc3 7. bxc3 O-O 8.
Bg5 Qe7 9. Re1 Nd8 10. d4 Bg4 11. h3 Bh5 12. g4 Bg6 13. d5 c6 14. Bc4 b5 15.
Bf1 a6 16. a4 Rb8 17. axb5 axb5 18. Rb1 Qd7 19. Bxf6 gxf6 20. c4 b4 21. Qd2 c5
22. Qh6 Re8 23. Bd3 Kh8 24. Kh2 Rg8 25. Rg1 Nb7 26. Ra1 Qe7 27. h4 f5 28. gxf5
Bxf5 29. exf5 e4 30. f6 1-0

[Event "SVK 3.liga A2"]
[Site "?"]
[Date "2019.11.24"]
[Round "4.2"]
[White "Brunovsky, Peter"]
[Black "Kucharek, Jaroslav"]
[Result "1-0"]
[WhiteElo "1882"]
[BlackElo "2050"]
[PlyCount "123"]
[EventDate "2019.10.06"]

1. c4 e5 2. Nc3 Nf6 3. g3 Bb4 4. Bg2 O-O 5. e4 Nc6 6. Nge2 a5 7. O-O d6 8. h3
h6 9. d3 Bc5 10. Kh2 Nh7 11. f4 Be6 12. f5 Bd7 13. Nd5 f6 14. g4 Nd4 15. Nxd4
Bxd4 16. Be3 Bxe3 17. Nxe3 c5 18. a4 Bc6 19. b3 Kf7 20. h4 Ke7 21. Bf3 Kd7 22.
Rg1 Kc7 23. Ra2 b6 24. Rag2 Kb7 25. Kg3 Rc8 26. Kf2 Rc7 27. Nf1 Be8 28. Qd2 Rh8
29. Nh2 Re7 30. Be2 Bc6 31. Nf3 Nf8 32. g5 hxg5 33. hxg5 Nd7 34. Qc1 Ree8 35.
Rh1 Rxh1 36. Qxh1 Rh8 37. Rh2 Rxh2+ 38. Qxh2 fxg5 39. Qh5 Qf6 40. Nxg5 Nf8 41.
Qf7+ Qxf7 42. Nxf7 Kc7 43. Bh5 Be8 44. Kg3 Kd7 45. Kh4 Bxf7 46. Bxf7 Ke7 47.
Bd5 Kf6 48. Bg8 Nd7 49. Bd5 Nb8 50. Bb7 Nd7 51. Bc6 Nf8 52. Be8 Nh7 53. Kh5 Nf8
54. Kh4 Ke7 55. Bc6 Kf7 56. Bd5+ Kf6 57. Bb7 Nh7 58. Bc8 Ng5 59. Kg4 Nf7 60.
Be6 Nh6+ 61. Kh4 Nf7 62. Bxf7 1-0

[Event "SVK 3.liga A2"]
[Site "?"]
[Date "2019.11.24"]
[Round "4.2"]
[White "Hrubsa, Marian"]
[Black "Danada, Ondrej"]
[Result "0-1"]
[WhiteElo "1865"]
[BlackElo "1868"]
[PlyCount "62"]
[EventDate "2019.10.06"]

1. e4 c6 2. d4 d5 3. Nc3 dxe4 4. Nxe4 Bf5 5. Ng3 Bg6 6. Nf3 Nd7 7. h4 h6 8. h5
Bh7 9. Bd3 Bxd3 10. Qxd3 Qc7 11. Bd2 Ngf6 12. O-O-O e6 13. Kb1 Bd6 14. Ne4 Nxe4
15. Qxe4 O-O-O 16. g3 Kb8 17. Qe2 Ka8 18. c4 c5 19. Bc3 Nf6 20. Nd2 Qc6 21.
dxc5 Qxc5 22. Ka1 Qf5 23. b4 Bc7 24. Nf3 Rxd1+ 25. Rxd1 Rd8 26. Rxd8+ Bxd8 27.
Ne5 Ne4 28. Bd4 Bf6 29. Nf3 Nc3 30. Qb2 Qxf3 31. Qxc3 Qxc3+ 0-1

[Event "SVK 3.liga A2"]
[Site "?"]
[Date "2019.11.24"]
[Round "4.2"]
[White "Kubis, Ivan"]
[Black "Suran, Jakub"]
[Result "1-0"]
[WhiteElo "1845"]
[BlackElo "1770"]
[PlyCount "95"]
[EventDate "2019.10.06"]

1. e4 d6 2. d4 Nf6 3. Nc3 e5 4. Nf3 exd4 5. Nxd4 Be7 6. Bc4 O-O 7. O-O Nc6 8.
Nxc6 bxc6 9. h3 d5 10. exd5 Bf5 11. Bb3 Qd7 12. dxc6 Qxc6 13. Ba4 Qb7 14. Qe2
Be6 15. Qb5 Qc8 16. Qe2 c6 17. Bf4 Re8 18. Qf3 Nd5 19. Nxd5 Bxd5 20. Qg3 Bf6
21. Rfd1 Re4 22. Bb3 Bxb3 23. axb3 Bxb2 24. Ra5 Qe6 25. Be3 g6 26. Rxa7 Rxa7
27. Qb8+ Kg7 28. Qxa7 Bf6 29. Qd7 Qxd7 30. Rxd7 Re6 31. Kf1 Be5 32. Ke2 Kf6 33.
Kd3 Rd6+ 34. Rxd6+ Bxd6 35. Kc4 Ke6 36. Bc5 Bf4 37. Bf8 Kd7 38. b4 h5 39. b5
cxb5+ 40. Kxb5 f5 41. c4 g5 42. Bh6 h4 43. c5 Kc7 44. c6 Bc1 45. Kc5 Ba3+ 46.
Kd5 g4 47. Bf4+ Kc8 48. Ke6 1-0

[Event "SVK 3.liga A2"]
[Site "?"]
[Date "2019.11.24"]
[Round "4.2"]
[White "Vach, Jozef"]
[Black "Kanka, Tomas"]
[Result "0-1"]
[WhiteElo "1709"]
[BlackElo "1741"]
[PlyCount "88"]
[EventDate "2019.10.06"]

1. d4 Nf6 2. c4 e6 3. Nc3 Bb4 4. Bd2 c5 5. e3 Bxc3 6. Bxc3 Ne4 7. Nf3 Nxc3 8.
bxc3 O-O 9. d5 d6 10. Be2 Qf6 11. Qd2 e5 12. e4 h6 13. Qe3 Nd7 14. Nd2 Re8 15.
O-O Nf8 16. f4 exf4 17. Rxf4 Qg6 18. Raf1 f6 19. R1f3 Re5 20. h4 Nh7 21. Rg3
Qf7 22. Nf3 Re7 23. Nh2 Kh8 24. Bd3 Bd7 25. Qf2 Rg8 26. Ng4 Bxg4 27. Rfxg4 Re5
28. Rf4 Nf8 29. Be2 Ng6 30. Rfg4 Nf8 31. Rf3 Nh7 32. Bd3 Nf8 33. Rf5 Ng6 34. h5
Nf8 35. Qf4 Nd7 36. Qg3 Rxf5 37. exf5 Ne5 38. Rh4 Qe7 39. Re4 Qe8 40. Rh4 Nxd3
41. Qg4 Qe1+ 42. Kh2 Re8 43. Rh3 Nf2 44. Qh4 Nxh3 0-1

[Event "SVK 3.liga A2"]
[Site "?"]
[Date "2019.11.24"]
[Round "4.2"]
[White "Kastler, Peter"]
[Black "Vepy, Ivan"]
[Result "0-1"]
[WhiteElo "1713"]
[BlackElo "1837"]
[PlyCount "54"]
[EventDate "2019.10.06"]

1. d4 Nf6 2. c4 e6 3. Nf3 d5 4. e3 b6 5. Be2 Be7 6. O-O O-O 7. Nc3 Bb7 8. b3
Nbd7 9. Bb2 c5 10. Rc1 cxd4 11. Nxd4 h6 12. cxd5 Nxd5 13. Bf3 Ne5 14. Bxd5 exd5
15. Qe2 Qd7 16. Rfd1 Rfd8 17. Qb5 Qg4 18. Qe2 Qg6 19. Qc2 Qxc2 20. Rxc2 Rac8
21. Rcc1 Kh7 22. Nde2 Ba6 23. Rxd5 Nd3 24. Rxd8 Rxd8 25. Rb1 Nxb2 26. Rxb2 Bxe2
27. Rxe2 Bb4 0-1

[Event "SVK 3.liga A2"]
[Site "?"]
[Date "2019.11.24"]
[Round "4.2"]
[White "Petrek, David"]
[Black "Zajicek, Ferdinand"]
[Result "0-1"]
[WhiteElo "1699"]
[BlackElo "1683"]
[PlyCount "42"]
[EventDate "2019.10.06"]

1. e4 c5 2. Nf3 d6 3. d4 cxd4 4. Nxd4 Nc6 5. Nc3 Bd7 6. Be3 Nf6 7. f3 a6 8. Be2
g6 9. Qd2 Bg7 10. Bh6 Bxh6 11. Qxh6 Nxd4 12. O-O-O Nxe2+ 13. Nxe2 Qa5 14. a3
O-O-O 15. Qe3 Kb8 16. g4 h6 17. Rd3 Bb5 18. b4 Qa4 19. Rb3 Bxe2 20. Qxe2 Rc8
21. Rd1 Qxb3 0-1

[Event "SVK 3.liga A2"]
[Site "?"]
[Date "2019.11.24"]
[Round "4.2"]
[White "Mraz, Jan"]
[Black "Romanova, Ela"]
[Result "0-1"]
[WhiteElo "1661"]
[BlackElo "1458"]
[PlyCount "44"]
[EventDate "2019.10.06"]

1. d4 d5 2. c4 c6 3. e3 e6 4. Nc3 Bd6 5. c5 Bc7 6. Bd3 Nd7 7. Nf3 f5 8. h3 Ngf6
9. Bd2 O-O 10. Ne2 Ne4 11. Nf4 Ndf6 12. Ng5 Nxg5 13. h4 Nf7 14. h5 e5 15. Nh3
Re8 16. Be2 exd4 17. O-O dxe3 18. fxe3 Ne4 19. Bd3 Qf6 20. g4 Qh4 21. Bxe4 Rxe4
22. Qf3 Ng5 0-1

[Event "SVK 3.liga A2"]
[Site "?"]
[Date "2019.11.24"]
[Round "4.3"]
[White "Gasa, Andrej"]
[Black "Vodicka, Michal"]
[Result "1-0"]
[WhiteElo "2221"]
[BlackElo "1862"]
[PlyCount "81"]
[EventDate "2019.10.06"]

1. e4 c5 2. Nf3 e6 3. d4 cxd4 4. Nxd4 Nc6 5. Nc3 Nf6 6. Nxc6 bxc6 7. e5 Nd5 8.
Ne4 Qc7 9. f4 Be7 10. c4 Nb6 11. Bd3 Bb7 12. Qg4 O-O-O 13. Qe2 f6 14. Nc3 d5
15. O-O f5 16. cxd5 Nxd5 17. Kh1 Nxc3 18. bxc3 c5 19. Bb5 Qa5 20. Rb1 Rd5 21.
Bc4 Rhd8 22. Be3 Bc6 23. Bxd5 Bxd5 24. c4 Be4 25. Rbd1 Qc3 26. Rxd8+ Kxd8 27.
Qd2+ Qxd2 28. Bxd2 Kc7 29. Kg1 Kc6 30. Kf2 Bh4+ 31. g3 Bd8 32. Ke3 Bb6 33. Bc3
h6 34. Rd1 Bc7 35. a3 g5 36. fxg5 hxg5 37. h4 gxh4 38. gxh4 Bc2 39. Rg1 Bd8 40.
h5 Kd7 41. Kf4 1-0